Haikyuu - Statistics

General Stats
  • This quiz has been taken 575 times
  • The average score is 11 of 30
Answer Stats
Hint Answer % Correct
the tiny middle blocker Hinata Shoyo
82%
The king of the court Kageyama Tobio
82%
Team Name Karasuno
73%
THE GUARDIAN DIETY Nishinoya Yu
71%
ROLLING.......... THUNDER
65%
The middle blocker whos always salty Tsukishima kei
60%
The captain Sawamura Daichi
58%
The school with the iron wall Date Tech
56%
Vice Captain Sugawara Koshi
52%
WING SPIKER and In love with kiokyo Tanaka Ryunosuke
51%
The recive team Nekoma
49%
Someone who left the club and came back Azumane Asahi
47%
OPENING 4 Fly High
47%
Nekoma Setter Kozume KENMA
44%
Nekoma Coach Nekomata
38%
The ace of fukurodani Bokuto Kotaro
36%
The setter Akaashi Keiji
33%
The team with the simpleton ace Fukurodani
30%
Nekoma Libero Yaku morisuke
30%
OPENING 1 Imagination
29%
OPENING 5 Hikari are
21%
OPENING 2 Ah Yeah
18%
The giant setter Koganegawa Kanji
12%
WHITE HAIRED MIDDLE BLOCKER Takanobu Aone
12%
The Team with the strong serves from the camp Ubugawa
12%
The spiker from Tokonami Ikejiri
11%
The lazy middleblocker Futakuchi Kenji
6%
OPENING 3 I'm a beliver
4%
Rooster head Kuroo Testuro
4%
THE PINCH SERVER Yamagichi Tadashi
2%
No matching quizzes found
Score Distribution
Percent of People with Each Score
Percentile by Number Answered
Your Score History
You have not taken this quiz